Vè. concurs de teatre català amateur : convocatòria, reglament ... / Federaració Catalana de Societats de Teatre Amateur convocatòria, reglament ... / Federaració Catalana de Societats de Teatre Amateur
Descripción Física:
[31] p. ; 19 cm
MARC
| LEADER | 00000nam a2200000Ia 4500 | ||
|---|---|---|---|
| 001 | 16543 | ||
| 008 | 160829s9999 xx 000 0 cat d | ||
| 080 | |a RF-4-54 | ||
| 110 | 2 | |a Federació Catalana de Societats de Teatre Amateur |9 56297 | |
| 245 | |a Vè. concurs de teatre català amateur : |b convocatòria, reglament ... / Federaració Catalana de Societats de Teatre Amateur | ||
| 260 | |a Barcelona : |b Segimon Rovira, [1936?] | ||
| 300 | |a [31] p. ; |c 19 cm | ||
| 650 | 0 | |a Teatre d'afeccionats |x Concursos |z Catalunya |9 46687 | |
| 650 | |a Teatre d'afeccionats |x Concursos |x Normes |9 37336 | ||
| 856 | 4 | |u https://media.diba.cat/diba/fitxers/arxiu/fulletons/bib_16543_1936_baixa.pdf |y Accés lliure | |
| 856 | 4 | |u https://media.diba.cat/diba/fitxers/arxiu/fulletons/bib_16543_1936_baixa.pdf |y Accés lliure | |
| 901 | |a Arxiu | ||
| 942 | |n 1 |2 udc | ||
| 952 | |0 0 |1 0 |4 0 |6 RF454 |7 1 |9 47807 |a Arxiu |b Arxiu |d 2016-12-01 |l 0 |o RF-4-54 |p 16543 |r 2016-12-01 00:00:00 |w 2016-12-01 |y ARXIU | ||
| 999 | |c 51606 |d 51606 | ||
| 900 | |a bib_16543_1936_baixa.pdf | ||